Teaching and learning in higher education disciplinary approaches to educational enquiry
Guardat en:
| Autor principal: | |
|---|---|
| Format: | Llibre |
| Idioma: | anglès |
| Publicat: |
Sage
2014
|
| Etiquetes: |
Afegir etiqueta
Sense etiquetes, Sigues el primer a etiquetar aquest registre!
|
MARC
| LEADER | 00000nam a22000007a 4500 | ||
|---|---|---|---|
| 008 | 210126b ||||| |||| 00| 0 eng d | ||
| 020 | |a 978-1446-2-5463-9 | ||
| 100 | |a CLEAVER, Elizabeth. | ||
| 245 | |a Teaching and learning in higher education |b disciplinary approaches to educational enquiry |c Elizabeth Cleaver, Maxine Lintern and Mike McLinden |g xxvi: 246p.; ill. | ||
| 260 | |b Sage |c 2014 |h Los Angeles |i 692066 |i 692067 |l LB2331 .C58 |m College teaching | ||
| 942 | |a lcc |c BK |e YUNUSA, A.A. |f 26/01/2021 | ||
| 952 | |0 0 |1 0 |2 lcc |4 0 |6 LB2331 C58 |7 0 |9 1927 |a HOL |b ED |c LP |d 2021-01-26 |l 0 |o LB2331 .C58 |p 2021-5790 |r 2021-01-26 00:00:00 |w 2021-01-26 |y BK | ||
| 952 | |0 0 |1 0 |2 lcc |4 0 |6 LB2331 C58 |7 0 |9 1928 |a HOL |b HOL |c LP |d 2021-01-26 |l 0 |o LB2331 .C58 |p 2021-5791 |r 2021-01-26 00:00:00 |w 2021-01-26 |y BK | ||
| 999 | |c 1016 |d 1016 | ||